| 000 | 00469nam a2200133Ia 4500 | ||
|---|---|---|---|
| 008 | 220216s9999 xx 000 0 und d | ||
| 100 | _aSankariammal L. | ||
| 245 | 0 | _aMorphological evaluation of an interspecific hybrid of rubber (Hevea) | |
| 260 |
_bProceedings of the Ninth Kerala Science Congress, January 1997, Thiruvananthapuram, India, pp. 198-199. _c1997 |
||
| 650 | _aBreeding | ||
| 650 | _aInterspecific hybrid | ||
| 700 | _aSaraswathyamma C.K. | ||
| 942 | _cBS | ||
| 999 |
_c52879 _d52879 |
||